000 00435nam a2200157 a 4500
005 20140310183225.0
008 041213s19uu xx 00 eng d
050 _aZ 253.53
_b.C797 1997
245 _aCorel print house magic /
260 _aOttawa, Ont. :
_bCorel,
_c1997.
300 _a(various pagings) :
_bcol. ill. ;
_c23 cm.
521 _aIT
650 _aDesktop publishing
_xSoftware.
942 _cBK
_2lcc
_kFOR
999 _c20388
_d20388